• 首页
  • 本馆介绍
  • 公告通知
  • 最新文献
  • 馆藏检索
  • 电子资源
  • 读者导购
  • 参考咨询
  • 我的图书馆
  • 登录
  • 详细信息显示
  • 放入我的书架
  • 预约/预借图书
  • 作者相关作品
  • 分类相关作品
  • 丛书相关作品
  • 出版社相关作品

书目信息

  • 表格格式
  • 工作单格式
  • 卡片格式
题名:
十字路口的道德抉择
    
 
作者: 李三虎 著
分册:  
出版信息: 广州   广州出版社  2006
页数: 20,322页
开本: 24cm
丛书名:
单 册:
中图分类: A811.63 , A811.6
科图分类:
主题词: 科学技术 , 科学技术--伦理学--马克思著作研究 , 马克思著作研究 , 伦理学 , 马恩著作--学习 , 马恩著作研究
电子资源:
ISBN: 7-80731-041-3
000 01099nam0 2200325 450
001 0959317473
005 20090928163124.34
010    @a7-80731-041-3@dCNY46.00
100    @a20070820d2006 em y0chiy50 ea
101 0  @achi
102    @aCN@b440000
105    @ay z 001yy
106    @ar
200 1  @a十字路口的道德抉择@e马克思的技术伦理思想研究@f李三虎著@Ashi zi lu kou de dao de jue ze
210    @a广州@c广州出版社@d2006
215    @a20,322页@d24cm
300    @a中共广州市委宣传部出版专项资金资助项目
330    @a本书主要内容:走近马克思的技术伦理思想、马克思所处时代和背景透视、技术伦理的道德规范分析、马克思之后的技术伦理学术呼应等。
517 1  @a马克思的技术伦理思想研究@Ama ke si de ji shu lun li si xiang yan jiu
606 0  @a科学技术
606 0  @a科学技术@x伦理学@x马克思著作研究
606 0  @a马克思著作研究
606 0  @a伦理学
606 0  @a马恩著作@x学习
606 0  @a马恩著作研究
690    @aA811.63@v4
690    @aA811.6@v4
701  0 @a李三虎@f(1964~)@4著@Ali san hu
801  0 @aCN@b110020@c20070730
905    @a10447@dA811.6@eJY29
    
    十字路口的道德抉择:马克思的技术伦理思想研究/李三虎著.-广州:广州出版社,2006
    20,322页;24cm
    中共广州市委宣传部出版专项资金资助项目
    
    ISBN 7-80731-041-3:CNY46.00
    本书主要内容:走近马克思的技术伦理思想、马克思所处时代和背景透视、技术伦理的道德规范分析、马克思之后的技术伦理学术呼应等。
●
相关链接 在E读中查询图书 在五车中查询图书 在当当中查询图书 在豆瓣中查询图书


正题名:十字路口的道德抉择     索取号:A811.6/JY29         预约/预借

序号 登录号 条形码 馆藏地/架位号 状态 备注
1 7804962   278049620   学院路分馆/ [索取号:A811.6/JY29] 在馆    
2 7804963   278049639   学院路分馆/ [索取号:A811.6/JY29] 在馆    
唐山师范学院图书馆 欢迎您!
大连网信软件有限公司© 版权所有